| 000 | 00695nam a2200229 a 4500 | ||
|---|---|---|---|
| 999 |
_c1141 _d1141 |
||
| 008 | 191203s2009 ii ad||g |||| 001 0 eng d | ||
| 020 |
_a9788120337923 _cRs. 325.00 |
||
| 040 |
_aKO _beng |
||
| 041 | 0 | _aeng | |
| 044 | _aii | ||
| 082 | 0 | 4 |
_223 _a658.5 _bSu21 |
| 100 | 1 | _aSudalaimuthu, S. | |
| 245 | 1 | 0 |
_aLogistics Management for International Business : _btext and cases / _cS. Sudalaimuthu and S. Anthony Raj |
| 260 |
_aNew Delhi : _bPHI Learning Private Limited , _c2009 |
||
| 300 |
_axx, 384 p. : _bill. ; _c24 cm |
||
| 504 | _aIncludes Index. | ||
| 650 | 0 |
_aBusiness logistics _xManagement _vTextbooks |
|
| 700 |
_aRaj, S. Anthony _eaut |
||
| 904 | _aA_BOSE | ||
| 942 | _cBK | ||